Wege und Schicksale jüdischer Kunstsammlungen aufgezeigt am Beispiel der Sammlung Silberberg aus Breslau

Titel: Wege und Schicksale jüdischer Kunstsammlungen aufgezeigt am Beispiel der Sammlung Silberberg aus Breslau : Der Versuch einer späten Wiedergutmachung
Verfasser:
In: Stiftung Preußischer Kulturbesitz: Jahrbuch Preußischer Kulturbesitz ..., Band 35 (1998), Seite 165-177, Abb.
alle Artikel anzeigen
Veröffentlicht: 1998 [1999]
Format: Aufsatz
Sprache: Deutsch
Kein Bild verfügbar
X
alg: 39281356
001A    $01999:11-11-16 
001B    $01999:22-05-21 $t21:49:07.000 
001C    $06050:19-11-16 $t08:33:05.000 
001D    $01999:11-11-16 
001U    $0utf8 
001X    $00 
002@    $0Aox 
003@    $0392813564 
007A    $0392813564 $aHEB 
007T    $0Herd39499 
010@    $ager 
011@    $a1998 $n1998 [1999] 
021A    $aWege und Schicksale jüdischer Kunstsammlungen aufgezeigt am Beispiel der Sammlung Silberberg aus Breslau $dDer Versuch einer späten Wiedergutmachung 
028A    $aKathmann $dDorothea 
031A    $d35 $h165-177, Abb. $j1998 
039B    $aIn $8--Abvc--Stiftung Preußischer Kulturbesitz [Tb1]. Jahrbuch Preußischer Kulturbesitz .... - Berlin : Mann, 1963-[2016]. - ISSN 0342-0124 $x199800000350000835 $9046848940 
045F    $a307.09438 $eDDC23BSB 
045F/01 $a307.09 
045F/03 $g438 
045F/03 $g4385 
045T    $a24 

lok: 39281356 78

exp: 39281356 78 1 #EPN
201B/01 $020-11-17 $t23:21:59.000 
201U/01 $0utf8 
203@/01 $0788923749 
208@/01 $a11-11-16 $be 
209A/01 $a/ $f000 $x00 
220C/01 $aTitelaufnehmer: ks 
220C/01 $aHerkunft: HI Marburg 
244Z/01 $2Trx $#Silesia $#Śląsk $#Sliezsko $#Slezsko $8--Trx--Schlesien $x01 $9391173987 
244Z/01 $2Trx $#Poola $#Lenkija $#Polija $#Polen Land $#Poland $#Lengyelország $#Poľsko $#Polsko $8--Trx--Polska$gkraj $x02 $9391345966 
244Z/01 $#Breslau $#Wrocław $#Wrotizla $#Breßlau $#Breßlaw $#Vroclav $#Vratislav $#Vratislavia $#Vratislauiae $#Bresslau $#Wratislavia $#Brassel $#Bresla $#Wratislava $#Smirna $#Breslavia $#Wroclaw $74008216-7 $8--Tg1--Breslau $x03 $9085014184 
244Z/01 $aGeschichte 1935-1998 $x04 
244Z/01 $2Trx $8--Trx--$PSilberberg$lFamilie $x05 $9390539945 
244Z/01 $2Trx $#kultuuriväärtuste vargus $#kultūros vertybių grobimas $#Art theft $#kultúrkincs rablás $#grabież dóbr kultury $#krádeže umeleckých predmetov $#krádeže uměleckých předmětů $#Beutekunst $#Kunstraub $#Kriegsbeute $#Art theft $#grabież dzieł sztuki $#krádeže umeleckých predmetov $#krádeže uměleckých předmětů $8--Trx--Kulturgüterraub $x06 $9391359827 
244Z/01 $2Trx $#kogud $#kolekcijos $#Collections $#gyüjtemények $#zbiory $#zbierky $#sbírky $#Kunstsammlungen $#umelecké zbierky $8--Trx--Sammlungen $x07 $9391383078 
244Z/01 $2Trx $#juutide tagakiusamine $#žydų persekiojimas $#persecution of Jews $#zsidóüldözés $#prześladowania Żydów $#prenasledovanie Židov $#pronásledování židů $#Pogrome $#Reichspogromnacht $#pogromy $#noc kryształowa 1938 $#pogromy $#pogromy $8--Trx--Judenverfolgung $x08 $9391368877 
244Z/01 $2Trx $8--Trx--Zeitschriftenaufsatz $x09 $9391384341 
245Z/01 $a13.03 $x01 
245Z/01 $a11.06 $x02 
247C/01 $82080>Marburg/Lahn, Herder-Institut, Forschungsbibliothek, Bibliographieportal $9336309341
LEADER 00000caa a22000002c 4500
001 392813564
003 DE-603
005 20210522214907.0
007 tu
008 161111s1998 xx |||| | u00||u|ger c
035 |a (DE-599)HEB392813564 
040 |a DE-603  |b ger  |c DE-603  |d DE-603 
041 |a ger 
082 0 4 |8 1\u  |a 307.09438  |q DE-101  |2 23/BSB 
084 |a 24  |2 ssgn 
085 |8 1\u  |b 307.09 
085 |8 1\u  |z 2  |s 438 
085 |8 1\u  |z 2  |s 4385 
100 1 |a Kathmann, Dorothea 
245 0 0 |a Wege und Schicksale jüdischer Kunstsammlungen aufgezeigt am Beispiel der Sammlung Silberberg aus Breslau  |b Der Versuch einer späten Wiedergutmachung 
264 0 |c 1998 [1999] 
773 0 8 |i In  |a Stiftung Preußischer Kulturbesitz  |t Jahrbuch Preußischer Kulturbesitz ...  |d Berlin : Mann, 1963-[2016]  |h 24 cm  |x 0342-0124  |g Band 35 (1998), Seite 165-177, Abb.  |w (DE-603)046848940  |w (DE-600)3758-8 
924 0 |9 2080  |a (DE-603)788923749  |b DE-2080  |c HES  |d d  |g /